000
00284nam a22001337a 4500
008
170421b xxu||||| |||| 00| 0 eng d
020
_a
2900077229961
041
_a
eng
080
_2
13 ED
_a
573
100
_a
11
101
_a
SHM
245
_a
BIOLOGY
_c
ENGER.E.D
942
_2
udc
_c
BK
999
_c
11535
_d
11535